| 000 | 00753cam a2200157 4500500 | ||
|---|---|---|---|
| 005 | 20260315012951.0 | ||
| 041 | _afre | ||
| 042 | _adc | ||
| 100 | 1 | 0 |
_aSchumacher, Julio _eauthor |
| 245 | 0 | 0 | _aJean Daniélou, Incorporated. Frictions, résidus et affects de la mondialisation. Premier Parallèle, «Carnets parallèles», 2025, 120 páginas, 9 euros. |
| 260 | _c2026. | ||
| 500 | _a36 | ||
| 520 | _aEva Jospin nos invita a un viaje hacia lo universal en el arte: la fascinante exploración de sus cuevas, presentada en el Grand Palais, nos invita a buscar las convergencias humanas. | ||
| 786 | 0 | _nÉtudes | 4334 | 2 | 2026-01-26 | p. 135-136 | |
| 856 | 4 | 1 | _uhttps://shs.cairn.info/revista-etudes-2026-2-page-135?lang=es&redirect-ssocas=7080 |
| 999 |
_c1702167 _d1702167 |
||